=LDR 00000nam 2200000 4500 =001 INLIS000000000016907 =005 20130612112129 =008 ***********************************Ind** =035 ##$$0010-061300000016907 =041 ##$$a Ind =082 ##$$a R.342.050.26 =090 ##$$a R.342.050 26, Ind u =260 ##$$a Nidyatama $b Yogyakarta =300 ##$$a 123 hlm, 19 cm =650 ##$$a MPR susunan dan kedudukan-Undang-undang dan Peraturan =850 ##$$a NBPNMAT